|
|
|
|
| LEADER |
00000cam a2200000 7i4500 |
| 001 |
0000065698 |
| 005 |
20160820.0 |
| 008 |
160820 |
| 020 |
|
|
|a 0878579176
|
| 090 |
0 |
0 |
|a 595.789
|b SCH
|
| 100 |
1 |
|
|a Schneck,Marcus
|
| 245 |
1 |
0 |
|a Butterflies :
|b How to identify and attract them to your garden
|c Marcus Schneck
|
| 260 |
|
|
|a Pennsylvania :
|b Rodale press ,
|c 1990
|
| 500 |
|
|
|a Includes index
|
| 650 |
|
0 |
|a Butterflies
|
| 650 |
|
0 |
|a Butterflies-North America-identification
|
| 650 |
|
0 |
|a Butterfly attracting
|
| 999 |
|
|
|a 0000386391
|b Book
|c Adult Collection
|e Cawangan Kota Tinggi
|
| 999 |
|
|
|a 0000386393
|b Book
|c Adult Collection
|e Cawangan Pontian
|